| 000 | 00634nam a22001577a 4500 | ||
|---|---|---|---|
| 003 | OSt | ||
| 005 | 20150921170648.0 | ||
| 008 | 150921b xxu||||| |||| 00| 0 eng d | ||
| 040 | _cRUA | ||
| 082 | _aAGR KHU 2006 B034 Or.1 | ||
| 100 |
_91052 _aKHUN, VICHET. |
||
| 245 | _aThe effect of different fertilizers on chinese cabbage on sandy soil ឥទ្ធិពលជីប្រភេទផ្សេងគ្នា លើដំណាំស្ពៃក្រញាញ់ក្នុងលក្ខខណ្ឌដីល្បាយខ្សាច់ | ||
| 260 |
_aPhnom Penh _bRUA _c2006 |
||
| 300 |
_a42p. _bill. _c29cm. |
||
| 942 |
_2ddc _cAGR |
||
| 999 |
_c1010 _d1010 |
||